000 00255nam a2200097Ia 4500
001 679810
005 20250826161329.0
008 250824s9999 xx 000 0 und d
245 0 _aANNEN MAĞARA KADINI OLMUŞ
_cJON SCİESZKA
260 _bGÜNIŞIĞI YAYINLARI
999 _c679810
_d679810